Jose Rizal : (Record no. 354958)
[ view plain ]
| 000 -LEADER | |
|---|---|
| fixed length control field | 00364nam a2200109Ia 4500 |
| 008 - FIXED-LENGTH DATA ELEMENTS--GENERAL INFORMATION | |
| fixed length control field | 180205s9999 xx 000 0 und d |
| 020 ## - INTERNATIONAL STANDARD BOOK NUMBER | |
| International Standard Book Number | 971642070 |
| 100 ## - MAIN ENTRY--PERSONAL NAME | |
| Personal name | Zaide, Gregorio F. |
| 245 ## - TITLE STATEMENT | |
| Title | Jose Rizal : |
| Remainder of title | life, works, and writings of a genius, writer, scientist and national hero |
| 260 ## - PUBLICATION, DISTRIBUTION, ETC. (IMPRINT) | |
| Place of publication, distribution, etc | Quezon City |
| Name of publisher, distributor, etc | All nations publishing |
| Date of publication, distribution, etc | 2012 |
| 300 ## - PHYSICAL DESCRIPTION | |
| Extent | ix, 438 pages |
| Withdrawn status | Lost status | Source of classification or shelving scheme | Damaged status | Home library | Current library | Shelving location | Date acquired | Source of acquisition | Total Checkouts | Total Renewals | Full call number | Barcode | Date last seen | Date checked out | Price effective from | Koha item type |
|---|---|---|---|---|---|---|---|---|---|---|---|---|---|---|---|---|
| Library of Congress Classification | Archives | Archives | 02/05/2018 | Library Fund | 6 | 13 | D 675.8 .Z21 2012 | C21185 | 06/15/2023 | 06/08/2023 | 02/05/2018 | Books |